[Event "Wch U20 Girls 34th"]
[Site "Bhubaneswar"]
[Date "2016.08.08"]
[Round "1"]
[White "Varshini, Veileven"]
[Black "Gamage, Nethmi Nirasha"]
[Result "1-0"]
[WhiteElo "2129"]
[BlackElo "1559"]
[PlyCount "87"]
[EventDate "2016.08.08"]
[EventType "swiss"]
[EventRounds "13"]
[EventCountry "IND"]
[SourceTitle "CBM 173 Extra"]
[Source "ChessBase"]
[SourceDate "2016.08.29"]
[SourceVersion "1"]
[SourceVersionDate "2016.08.29"]
[SourceQuality "1"]

1. e4 e6 2. d4 d5 3. e5 c5 4. c3 Nc6 5. Nf3 Bd7 6. a3 f6 7. exf6 Nxf6 8. Bd3 cxd4 9. cxd4 Bd6 10. 0-0 0-0 11. Re1 Qc7 12. Nbd2 Rae8 13. h3 Kh8 14. Nf1 e5 15. dxe5 Nxe5 16. Nxe5 Bxe5 17. Rb1 Re7 18. Bg5 Ref7 19. Bxf6 Rxf6 20. Bxh7 Kxh7 21. Qh5+ Kg8 22. Qxe5 Qc5 23. Ne3 Bc6 24. b4 Qb6 25. b5 Bd7 26. Re2 Re8 27. Qxd5+ Be6 28. Qg5 Bf7 29. Nd5 Bxd5 30. Rxe8+ Kf7 31. Re2 Bxg2 32. Rb4 Bf3 33. Re5 Qd6 34. Kh2 Rg6 35. Rf4+ Kg8 36. Re8+ Kh7 37. Qh4+ Rh6 38. Qg3 Qd7 39. Re5 Bd1 40. Rg5 Qe7 41. Rc4 Rf6 42. Qh4+ Rh6 43. Qe4+ Qxe4 44. Rxe4 1-0

[Event "SRI-chB (Women)"]
[Site "Colombo"]
[Date "2016.03.13"]
[Round "3"]
[White "Jayaweera, Sayuni Gihansa"]
[Black "Gamage, Nethmi Nirasha"]
[Result "1-0"]
[WhiteElo "1525"]
[BlackElo "1466"]
[PlyCount "95"]
[EventDate "2016.03.12"]
[EventType "swiss"]
[EventRounds "10"]
[EventCountry "SRI"]
[SourceTitle "CBM 171 Extra"]
[Source "ChessBase"]
[SourceDate "2016.04.26"]
[SourceVersion "1"]
[SourceVersionDate "2016.04.26"]
[SourceQuality "1"]

1. d4 Nf6 2. Bg5 e6 3. e3 d5 4. Bd3 Be7 5. Nf3 0-0 6. 0-0 c5 7. c3 Ne4 8. Bxe7 Qxe7 9. Nbd2 Nxd2 10. Qxd2 b6 11. e4 Bb7 12. Rfe1 dxe4 13. Bxe4 Bxe4 14. Rxe4 Rd8 15. Qe2 Nc6 16. Rd1 cxd4 17. Nxd4 Nxd4 18. Rexd4 Rxd4 19. Rxd4 Rd8 20. Qd2 Rxd4 21. Qxd4 Qg5 22. f4 Qe7 23. g3 g6 24. Kf2 Qb7 25. Ke3 Qh1 26. Qd2 Qg1+ 27. Ke4 Qb1+ 28. Ke5 Qf5+ 29. Kd6 Qf6 30. Kd7 e5 31. fxe5 Qe6+ 32. Kc7 Qe7+ 33. Qd7 Qxe5+ 34. Kb7 Qe2 35. Qd8+ Kg7 36. Qd4+ Kg8 37. c4 Qxh2 38. Kxa7 Qxg3 39. Qxb6 h5 40. c5 h4 41. c6 h3 42. c7 h2 43. c8Q+ Kh7 44. Qd4 Kh6 45. Qch8+ Kg5 46. Qhe5+ Qxe5 47. Qxe5+ Kg4 48. Qxh2 1-0

[Event "SRI-chB (Women)"]
[Site "Malabe"]
[Date "2015.06.27"]
[Round "8"]
[White "Gamage, Nethmi Nirasha"]
[Black "Premanath, Dinushki"]
[Result "1/2-1/2"]
[WhiteElo "1514"]
[BlackElo "1854"]
[PlyCount "21"]
[EventDate "2015.05.19"]
[EventType "swiss"]
[EventRounds "10"]
[EventCountry "SRI"]
[SourceTitle "EXT 2016"]
[Source "ChessBase"]
[SourceDate "2015.10.08"]
[SourceVersion "1"]
[SourceVersionDate "2015.10.08"]
[SourceQuality "1"]

1. d4 Nf6 2. c4 e6 3. g3 c5 4. d5 exd5 5. cxd5 d6 6. Nc3 g6 7. Nf3 Bg7 8. Bg2 0-0 9. 0-0 Re8 10. h3 Na6 11. Re1 1/2-1/2

[Event "SRI-chB (Women)"]
[Site "Malabe"]
[Date "2015.06.21"]
[Round "5"]
[White "Jayaweera, Sayuni Gihansa"]
[Black "Gamage, Nethmi Nirasha"]
[Result "0-1"]
[WhiteElo "1437"]
[BlackElo "1514"]
[PlyCount "91"]
[EventDate "2015.05.19"]
[EventType "swiss"]
[EventRounds "10"]
[EventCountry "SRI"]
[SourceTitle "EXT 2016"]
[Source "ChessBase"]
[SourceDate "2015.10.08"]
[SourceVersion "1"]
[SourceVersionDate "2015.10.08"]
[SourceQuality "1"]

1. d4 Nf6 2. Nf3 c5 3. d5 e6 4. c4 exd5 5. cxd5 d6 6. Nc3 g6 7. e4 Bg7 8. Be2 0-0 9. 0-0 Na6 10. Re1 Nc7 11. Bf1 Bg4 12. h3 Bxf3 13. Qxf3 Qd7 14. Bg5 Nfe8 15. a4 a6 16. a5 Nb5 17. Nxb5 axb5 18. Qb3 Nc7 19. Be2 c4 20. Qc2 Na6 21. Bg4 Qc7 22. Bd2 Nc5 23. Ra3 h5 24. Bf3 Rfc8 25. Rc1 Qe7 26. Bc3 Nd3 27. Bxg7 Nxc1 28. Qc3 Nd3 29. Bf6 Qf8 30. Qd2 Ne5 31. Qg5 Kh7 32. Bxe5 dxe5 33. Qxe5 Qg7 34. Qe7 Qxb2 35. Qxf7+ Qg7 36. Qf4 b4 37. Ra4 b3 38. e5 c3 39. Be4 c2 40. Qc1 b2 41. Qg5 c1Q+ 42. Qxc1 bxc1Q+ 43. Kh2 Qxe5+ 44. g3 Qe1 45. Kg2 Rc1 46. Kf3 0-1

[Event "Asian Schools-ch U13 Girls 10th"]
[Site "Taichung"]
[Date "2014.08.25"]
[Round "4.1"]
[White "Uchral, Gankhuyag"]
[Black "Gamage, Nethmi Nirasha"]
[Result "1-0"]
[WhiteElo "1642"]
[BlackElo "1418"]
[PlyCount "87"]
[EventDate "2014.08.24"]
[EventType "swiss"]
[EventRounds "9"]
[EventCountry "TPE"]
[SourceTitle "EXT 2024"]
[Source "ChessBase"]
[SourceDate "2023.10.10"]
[SourceVersion "1"]
[SourceVersionDate "2023.10.10"]
[SourceQuality "1"]

1. e4 e6 2. d4 d5 3. e5 c5 4. c3 Nc6 5. Nf3 Bd7 6. a3 f6 7. Bd3 cxd4 8. cxd4 Qc7 9. Bf4 Qb6 10. b4 a6 11. 0-0 Nce7 12. Nbd2 Bb5 13. Nb3 Bxd3 14. Qxd3 Ng6 15. Bg3 N8e7 16. Rac1 Nf5 17. exf6 gxf6 18. Bc7 Qb5 19. Qc2 Qd7 20. Rfe1 Ng7 21. Na5 b5 22. Bg3 Bd6 23. Bxd6 Qxd6 24. Nb7 Qd7 25. Nc5 Qf7 26. Nxe6 Nxe6 27. Qc6+ Kf8 28. Rxe6 Kg7 29. Qb6 Rhb8 30. Qc7 Rc8 31. Qxf7+ Kxf7 32. Rec6 Rxc6 33. Rxc6 Ne7 34. Rd6 a5 35. g4 axb4 36. axb4 Ra1+ 37. Kg2 Nc8 38. Rxd5 Na7 39. Rc5 Ra4 40. d5 Kg6 41. d6 Ra6 42. d7 Rd6 43. Rc7 Nc6 44. Rxc6 1-0

[Event "SRI-chB (Women)"]
[Site "Colombo"]
[Date "2014.02.27"]
[Round "4"]
[White "Hettige, Chathuri"]
[Black "Gamage, Nethmi Nirasha"]
[Result "0-1"]
[WhiteElo "1574"]
[BlackElo "1349"]
[PlyCount "38"]
[EventDate "2014.02.26"]
[EventType "swiss"]
[EventRounds "10"]
[EventCountry "SRI"]
[SourceTitle "CBM 159 Extra"]
[Source "ChessBase"]
[SourceDate "2014.04.24"]
[SourceVersion "1"]
[SourceVersionDate "2014.04.24"]
[SourceQuality "1"]

1. e4 e6 2. d4 d5 3. exd5 exd5 4. Bd3 Bd6 5. c3 Nc6 6. Nf3 Nge7 7. Qc2 h6 8. h3 Be6 9. Be3 Qd7 10. Nbd2 0-0 11. b4 Nf5 12. Nb3 Nxe3 13. fxe3 Rfe8 14. a4 f5 15. b5 Nd8 16. Nc5 Bxc5 17. dxc5 f4 18. Ne5 Qe7 19. Ng6 Qxc5 0-1